| 000 -LEADER |
| fixed length control field |
00768nam a2200253 a 4500 |
| 001 - CONTROL NUMBER |
| control field |
016065843 |
| 003 - CONTROL NUMBER IDENTIFIER |
| control field |
UkOxU |
| 005 - DATE AND TIME OF LATEST TRANSACTION |
| control field |
20230201132905.0 |
| 008 - FIXED-LENGTH DATA ELEMENTS--GENERAL INFORMATION |
| fixed length control field |
040929r20022001enk j 000 1 eng |
| 015 ## - NATIONAL BIBLIOGRAPHY NUMBER |
| National bibliography number |
bA2W1327 |
| 020 ## - INTERNATIONAL STANDARD BOOK NUMBER |
| International Standard Book Number |
9780007127351 (pbk) |
| 035 ## - SYSTEM CONTROL NUMBER |
| System control number |
(UkLCURL)b10013004714 |
| 040 ## - CATALOGING SOURCE |
| Original cataloging agency |
BDS |
| Transcribing agency |
BDS |
| Modifying agency |
Uk |
| -- |
KH8 |
| 049 ## - LOCAL HOLDINGS (OCLC) |
| Local processing data |
b |
| 082 14 - DEWEY DECIMAL CLASSIFICATION NUMBER |
| Classification number |
823.914 KER |
| Edition number |
21 |
| 100 1# - MAIN ENTRY--PERSONAL NAME |
| Personal name |
Kerr, Judith. |
| Relator term |
author |
| 245 14 - TITLE STATEMENT |
| Title |
The Other Goose / |
| Statement of responsibility, etc. |
Judith Kerr. |
| 260 ## - PUBLICATION, DISTRIBUTION, ETC. |
| Place of publication, distribution, etc. |
London : |
| Name of publisher, distributor, etc. |
Collins Picture Books, |
| Date of publication, distribution, etc. |
2002. |
| 300 ## - PHYSICAL DESCRIPTION |
| Extent |
[32] p. : |
| Other physical details |
chiefly col. ill ; |
| Dimensions |
28 cm. |
| 500 ## - GENERAL NOTE |
| General note |
Originally published: London: HarperCollins, 2001. |
| 650 #0 - SUBJECT ADDED ENTRY--TOPICAL TERM |
| Topical term or geographic name entry element |
Geese |
| Form subdivision |
Pictorial works |
| -- |
Juvenile fiction. |
| 650 #0 - SUBJECT ADDED ENTRY--TOPICAL TERM |
| Topical term or geographic name entry element |
Loneliness |
| Form subdivision |
Pictorial works |
| -- |
Juvenile fiction. |
| 942 ## - ADDED ENTRY ELEMENTS (KOHA) |
| Source of classification or shelving scheme |
|
| Koha item type |
Books - Non Ficton |